Merry Christmas from-- : (Record no. 19374)
[ view plain ]
| 000 -LEADER | |
|---|---|
| fixed length control field | 01009cam a2200253 a 4500 |
| 001 - CONTROL NUMBER | |
| control field | 15310764 |
| 005 - DATE AND TIME OF LATEST TRANSACTION | |
| control field | 20170116105617.0 |
| 008 - FIXED-LENGTH DATA ELEMENTS--GENERAL INFORMATION | |
| fixed length control field | 080530s2008 nyu 000 0 eng |
| 010 ## - LIBRARY OF CONGRESS CONTROL NUMBER | |
| LC control number | 2008060056 |
| 020 ## - INTERNATIONAL STANDARD BOOK NUMBER | |
| International Standard Book Number | 9780061473098 |
| 050 00 - LIBRARY OF CONGRESS CALL NUMBER | |
| Classification number | NC1866.C5R63 2008 |
| 100 1# - MAIN ENTRY--PERSONAL NAME | |
| Personal name | Robert, Karen. |
| 245 10 - TITLE STATEMENT | |
| Title | Merry Christmas from-- : |
| Remainder of title | 150 Christmas cards you wish you'd received / |
| Statement of responsibility, etc. | Karen Robert. |
| 250 ## - EDITION STATEMENT | |
| Edition statement | 1st ed. |
| 260 ## - PUBLICATION, DISTRIBUTION, ETC. (IMPRINT) | |
| Place of publication, distribution, etc. | New York : |
| Name of publisher, distributor, etc. | William Morrow, |
| Date of publication, distribution, etc. | c2008. |
| 300 ## - PHYSICAL DESCRIPTION | |
| Extent | 160 p. : |
| Other physical details | ill. (chiefly col.) ; |
| Dimensions | 20 cm. |
| 650 #0 - SUBJECT ADDED ENTRY--TOPICAL TERM | |
| Topical term or geographic name as entry element | Christmas cards |
| Geographic subdivision | United States. |
| 942 ## - ADDED ENTRY ELEMENTS (KOHA) | |
| Source of classification or shelving scheme | |
| Koha item type | Hard Covered Materials |
| Classification part | NC1866.C5R63 2008 |
| Withdrawn status | Lost status | Source of classification or shelving scheme | Damaged status | Not for loan | Home library | Current library | Shelving location | Date acquired | Source of acquisition | Total Checkouts | Full call number | Barcode | Date last seen | Price effective from | Koha item type |
|---|---|---|---|---|---|---|---|---|---|---|---|---|---|---|---|
| MACHAKOS UNIVERSITY LIBRARY | MACHAKOS UNIVERSITY LIBRARY | Open shelf | 16/01/2017 | Donation(BFA) | NC1866.C5R63 2008 | 29443 | 16/01/2017 | 16/01/2017 | Hard Covered Materials |